| 000 | 00602nam a22002177a 4500 | ||
|---|---|---|---|
| 003 | OSt | ||
| 005 | 20170407130142.0 | ||
| 008 | 170407b xxu||||| |||| 00| 0 eng d | ||
| 020 | _a9780071621809 | ||
| 020 | _a0071621806 | ||
| 040 | _cDMLN | ||
| 082 | _aWB330 P494m 2010 | ||
| 100 |
_aEditors Chisholm-burns, Marie A. [et...al] _912080 |
||
| 245 | _aPharmacotherapy Principles & Practice | ||
| 250 | _a2nd ed. | ||
| 260 | _aNew York; Mcgraw-hill, 2010 | ||
| 300 | _axxxiv,1869p; col.ill: 28cm | ||
| 504 | _aAppendices, & index included | ||
| 650 |
_aPharmacotherapy _912081 |
||
| 942 |
_2z _cSLOAN |
||
| 999 |
_c5816 _d5816 |
||